Testo della Poesia "L'infinito" - Giacomo Leopardi - Statistics

Statistiche generali
  • Questo quiz è stato fatto 295 volte
  • Il punteggio medio è 64 su 101
Statistiche sulle risposte
L'infinito % Corretto
E
97%
e
97%
mi
92%
quest'
91%
colle,
90%
fu
90%
in
90%
si
89%
ermo
88%
caro
87%
il
87%
Sempre
86%
Ma
83%
siepe,
83%
che
80%
da
80%
questa
80%
mare
77%
75%
la
75%
questo
75%
dolce
74%
naufragar
74%
a
73%
esclude.
72%
guardo
72%
di
71%
m'è
71%
parte
67%
mirando,
64%
sedendo
62%
spazi
62%
tanta
62%
orizzonte
60%
quella,
60%
Dell’
58%
ultimo
58%
silenzi,
57%
io
56%
le
56%
pensier
55%
interminati
54%
nel
53%
per
52%
fingo,
49%
non
48%
quiete
47%
ove
46%
cor
45%
sovrumani
45%
profondissima
44%
spaura.
43%
mio:
42%
poco
41%
lei.
40%
sovvien
40%
infinito
39%
l'eterno,
38%
stagioni,
38%
suon
38%
tra
38%
morte
37%
vo
37%
viva,
35%
presente
33%
comparando:
30%
s'annega
30%
voce
28%
odo
27%
queste
27%
vento
27%
immensità
26%
silenzio
26%
stormir
26%
come
25%
Così
25%
piante,
23%
quello
23%
Nessun quiz corrispondente trovato
Distribuzione punteggi
Percentuale di utenti per punteggio
Percentile per numero di risposta
I tuoi punteggi nel tempo
Non hai fatto questo quiz